Border Country Marathon [part 9 of 16] Quiz Stats

Quiz not verified by Sporcle

Challenge
Share
Tweet
Border countries must share a land or freshwater border with the subject country. Bonus answers are accepted for countries that only border the subject country by bridge or tunnel. Territories that are neither recognized by Sporcle as official countries, nor as integral parts of official countries, are also accepted as bonus answers. Abbreviate with Confidenceā„¢ Multi-Word Abbreviations (see comments) and all common Sporcle country abbreviations are accepted (see http://www.sporcle.com/games/tahitiwahini/common_country_name_alternatives). Data comes from the CIA World Factbook (https://www.cia.gov/library/publications/the-world-factbook/). To start the Border Country Marathon at the beginning: http://www.sporcle.com/games/tahitiwahini/bordering_medium_countries_1
Score 0/48 Timer 05:00
0 Plays Today
% Correct
South Korea
96.7%
Oman
96.5%
China
96.5%
France
96.4%
Germany
96.4%
Brazil
95.9%
Yemen
95.8%
Spain
95.6%
Israel
95.5%
Lesotho
95.3%
United Arab Emirates
94.9%
Colombia
94.5%
Iraq
94.5%
Russia
94.4%
Chile
94.1%
Belgium
93.9%
Syria
93.7%
Qatar
93.6%
Bolivia
93.5%
Jordan
93.2%
Slovakia
93.1%
Swaziland
93.1%
Democratic Republic of the Congo
93.1%
Honduras
93%
% Correct
Ecuador
92.6%
Kuwait
92.4%
Saudi Arabia
92.1%
Zimbabwe
91.7%
Austria
91.5%
Namibia
91.3%
Mozambique
91.2%
Botswana
91%
Guatemala
91%
Niger
90.3%
Sudan
90.2%
Uganda
90.2%
Central African Republic
90.1%
Slovenia
89.9%
Romania
89.5%
Serbia
88%
Tanzania
87.8%
Nigeria
86.2%
Libya
85.1%
Senegal
84.8%
Croatia
84.3%
Ukraine
84%
Burundi
83.9%
Cameroon
77.8%

You're not logged in!

Compare scores with friends on all Sporcle quizzes.
Sign Up with Email
OR
Log In

You Might Also Like...

Show Comments

Extras

Top Quizzes Today


Score Distribution

Your Account Isn't Verified!

In order to create a playlist on Sporcle, you need to verify the email address you used during registration. Go to your Sporcle Settings to finish the process.